000
00244nam a22001097a 4500
020
_a
978-81-203-2867-9
041
_a
ENG
100
_a
Mohanty.S.K
245
_a
Fundamentals to Entrepreneurship
260
_a
Delhi
_b
PHI learning
_c
2019
300
_a
187
999
_c
47
_d
47